000 00280nam a2200109Ia 4500
008 190914s9999||||xx |||||||||||||| ||und||
100 _aOxford University Press
245 0 _aOxford Dictionary of Synonyms and Antonyms
260 _aUSA
_bOxford
_c2002
300 _a450
942 _cBK
999 _c9795
_d9795